| 000 | 00811nas a2200265 4500 | ||
|---|---|---|---|
| 001 | BR7908457 | ||
| 003 | BR-BrBNA | ||
| 005 | 20231205084029.0 | ||
| 007 | ta | ||
| 008 | 230509b bl.|||p| |||| 00| 00por d | ||
| 040 |
_aBR-BrBNA _bpor _cBiblioteca Nacional de Agricultura |
||
| 041 | _a(Pt) | ||
| 072 | _aH10 | ||
| 100 | 1 | _aBandeira, A.G. | |
| 245 | 1 |
_aEcologia de cupins (Insecta: Isoptera)da Amazonia Central: efeitos do desmatamento sobre as populacoes [Brasil] _bParte de tese |
|
| 650 | _aCUPIM | ||
| 650 | _aFLUTUACAO POPULACIONAL | ||
| 650 | _aPASTAGEM | ||
| 650 | _aCAPOEIRA | ||
| 650 | _aFLORESTA | ||
| 650 | _aAMAZONAS | ||
| 773 | 0 |
_tActa Amazonica (Brazil) _xISSN 0044-5967 _g(Sep 1979), v. 9(3) p. 481-499 _wBR7908457 |
|
| 909 |
_a202311 _bLúcia _c55 _dLúcia Elande |
||
| 942 |
_2AGRIS _n0 _cANA |
||
| 999 |
_c102696 _d102696 |
||